MDQL
is popping MORE tags! Check the
thread
!
Quizzes
Events
Quiz Creation
Community
Videos
Private Events
Remove Ads
Sign In
Join for FREE
Feedback
Dark Mode
Quiz Categories
Sports
Geography
Music
Movies
Television
Just For Fun
Miscellaneous
History
Literature
Language
Science
Gaming
Entertainment
Religion
Holiday
For Kids
Quiz Lab
Recent
Popular Today
Quiz Kudos Today
Editor Picks
Curator Picks
Quizzes by...
Day
Popularity
Type
Ratings
Length
Year
Community
Subscriptions
Recent Discussions
Orange Saloon
Badges
Playlists
Quests
Create
Leaderboards
Showdown
Live 5
Trivia Bingo
Activity
Puzzle Library
Sporcle Events
Private Events
Virtual Trivia
Globe League
Become a Host
Pub Owners
SporcleCon
Opinionation
Our Games
Videos
Blog
Mobile Apps
Partnerships
Remove Ads and Go Orange
Feedback
Sports
Athletes
MLB
NBA
NHL
NFL
Soccer
Sports Teams
WWE
NCAA
Football
Premier League
Basketball
Baseball
Hockey
Golf
Tennis
Cricket
Rugby
Auto Racing
Olympics
World Cup
Sports
Athletes
MLB
NBA
NHL
NFL
Soccer
Sports Teams
WWE
NCAA
Football
Premier League
Basketball
Baseball
Hockey
Golf
Tennis
Cricket
Rugby
Auto Racing
Olympics
World Cup
Random Quiz
Search Sporcle
×
Quiz Lab
Quiz Lab
Sports
NCAA
Type in answers that appear in a list
Type in answers that appear in a list
Classic
Best Score? Go Orange.
Arkansas Razorbacks Football Opponents (2000-) Stats
Can you name the schools the Arkansas Razorbacks have played in football since 2000?
By
guide
8m
150 Questions
1,816 Plays
1,816 Plays
1,816 Plays
Comments
Comments
Give Quiz Kudos
Give Quiz Kudos
-
- Ratings
hide this ad
Replay
Link that replays current quiz
Next Quiz
Link to next quiz in quiz playlist
You Got
0%
They Got
Avg Score
80%
Avg Friend Score
Upgrade to see
Score Distribution
Jump to the score distribution portion of the page
Score
0/150
Timer
08:00
0
Plays Today
Year
School
% Correct
2000 (6-
6)
Alabama
98.5%
2001 (7-
5)
Alabama
98.5%
2002 (9-
5)
Alabama
98.5%
2003 (9-
4)
Alabama
98.5%
2004 (5-
6)
Alabama
98.5%
2005 (4-
7)
Alabama
98.5%
2006 (10-
4)
Alabama
98.5%
2007 (8-
5)
Alabama
98.5%
2008 (5-
7)
Alabama
98.5%
2009 (8-
5)
Alabama
98.5%
2010 (10-
3)
Alabama
98.5%
2011
Alabama
98.5%
2000 (6-
6)
LSU
97.4%
2001 (7-
5)
LSU
97.4%
2002 (9-
5)
LSU
97.4%
2003 (9-
4)
LSU
97.4%
2004 (5-
6)
LSU
97.4%
2005 (4-
7)
LSU
97.4%
2006 (10-
4)
LSU
97.4%
2007 (8-
5)
LSU
97.4%
2008 (5-
7)
LSU
97.4%
2009 (8-
5)
LSU
97.4%
2010 (10-
3)
LSU
97.4%
2011
LSU
97.4%
2003 (9-
4)
Texas
96.4%
2004 (5-
6)
Texas
96.4%
2008 (5-
7)
Texas
96.4%
2000 (6-
6)
Mississippi
95.9%
2001 (7-
5)
Mississippi
95.9%
2002 (9-
5)
Mississippi
95.9%
2003 (9-
4)
Mississippi
95.9%
2004 (5-
6)
Mississippi
95.9%
2005 (4-
7)
Mississippi
95.9%
2006 (10-
4)
Mississippi
95.9%
2007 (8-
5)
Mississippi
95.9%
2008 (5-
7)
Mississippi
95.9%
2009 (8-
5)
Mississippi
95.9%
2010 (10-
3)
Mississippi
95.9%
2011
Mississippi
95.9%
2000 (6-
6)
Mississippi State
94.5%
2002 (9-
5)
Mississippi State
94.5%
2003 (9-
4)
Mississippi State
94.5%
2004 (5-
6)
Mississippi State
94.5%
2005 (4-
7)
Mississippi State
94.5%
2006 (10-
4)
Mississippi State
94.5%
2007 (8-
5)
Mississippi State
94.5%
2008 (5-
7)
Mississippi State
94.5%
2009 (8-
5)
Mississippi State
94.5%
2010 (10-
3)
Mississippi State
94.5%
2011
Mississippi State
94.5%
Year
School
% Correct
2000 (6-
6)
Auburn
94.4%
2001 (7-
5)
Auburn
94.4%
2002 (9-
5)
Auburn
94.4%
2003 (9-
4)
Auburn
94.4%
2004 (5-
6)
Auburn
94.4%
2005 (4-
7)
Auburn
94.4%
2006 (10-
4)
Auburn
94.4%
2007 (8-
5)
Auburn
94.4%
2008 (5-
7)
Auburn
94.4%
2009 (8-
5)
Auburn
94.4%
2010 (10-
3)
Auburn
94.4%
2011
Auburn
94.4%
2003 (9-
4)
Florida
94.3%
2004 (5-
6)
Florida
94.3%
2006 (10-
4)
Florida
94.3%
2008 (5-
7)
Florida
94.3%
2009 (8-
5)
Florida
94.3%
2000 (6-
6)
Georgia
93.3%
2001 (7-
5)
Georgia
93.3%
2002 (9-
5)
Georgia
93.3%
2004 (5-
6)
Georgia
93.3%
2005 (4-
7)
Georgia
93.3%
2009 (8-
5)
Georgia
93.3%
2010 (10-
3)
Georgia
93.3%
2000 (6-
6)
Tennessee
92.5%
2001 (7-
5)
Tennessee
92.5%
2002 (9-
5)
Tennessee
92.5%
2006 (10-
4)
Tennessee
92.5%
2007 (8-
5)
Tennessee
92.5%
2011
Tennessee
92.5%
2009 (8-
5)
Texas A&M
92%
2010 (10-
3)
Texas A&M
92%
2011
Texas A&M
92%
2000 (6-
6)
South Carolina
91.8%
2001 (7-
5)
South Carolina
91.8%
2002 (9-
5)
South Carolina
91.8%
2003 (9-
4)
South Carolina
91.8%
2004 (5-
6)
South Carolina
91.8%
2005 (4-
7)
South Carolina
91.8%
2006 (10-
4)
South Carolina
91.8%
2007 (8-
5)
South Carolina
91.8%
2008 (5-
7)
South Carolina
91.8%
2009 (8-
5)
South Carolina
91.8%
2010 (10-
3)
South Carolina
91.8%
2011
South Carolina
91.8%
2003 (9-
4)
Missouri
90.2%
2007 (8-
5)
Missouri
90.2%
2002 (9-
5)
Kentucky
90.1%
2003 (9-
4)
Kentucky
90.1%
2007 (8-
5)
Kentucky
90.1%
Year
School
% Correct
2008 (5-
7)
Kentucky
90.1%
2005 (4-
7)
Vanderbilt
90%
2006 (10-
4)
Vanderbilt
90%
2010 (10-
3)
Vanderbilt
90%
2011
Vanderbilt
90%
2001 (7-
5)
Oklahoma
79.6%
2011
Kansas State
78.3%
2010 (10-
3)
Ohio State
77.3%
2005 (4-
7)
Southern California
71.9%
2006 (10-
4)
Southern California
71.9%
2000 (6-
6)
Louisiana-Monroe
64.6%
2004 (5-
6)
Louisiana-Monroe
64.6%
2005 (4-
7)
Louisiana-Monroe
64.6%
2006 (10-
4)
Louisiana-Monroe
64.6%
2008 (5-
7)
Louisiana-Monroe
64.6%
2010 (10-
3)
Louisiana-Monroe
64.6%
2006 (10-
4)
Wisconsin
62%
2003 (9-
4)
Tulsa
57.6%
2008 (5-
7)
Tulsa
57.6%
2002 (9-
5)
Troy
55%
2007 (8-
5)
Troy
55%
2009 (8-
5)
Troy
55%
2011
Troy
55%
2002 (9-
5)
Louisiana-Lafayette
52.3%
2000 (6-
6)
Nevada-Las Vegas
49.8%
2001 (7-
5)
Nevada-Las Vegas
49.8%
2002 (9-
5)
Minnesota
48.3%
2011
New Mexico
48.2%
2010 (10-
3)
Texas-El Paso
47.7%
2003 (9-
4)
North Texas
45.9%
2007 (8-
5)
North Texas
45.9%
2000 (6-
6)
Boise State
44.9%
2002 (9-
5)
Boise State
44.9%
2009 (8-
5)
East Carolina
43.3%
2000 (6-
6)
Missouri State
40.8%
2005 (4-
7)
Missouri State
40.8%
2009 (8-
5)
Missouri State
40.8%
2011
Missouri State
40.8%
2001 (7-
5)
Central Florida
40.6%
2003 (9-
4)
New Mexico State
40.1%
2004 (5-
6)
New Mexico State
40.1%
2002 (9-
5)
South Florida
38.5%
2007 (8-
5)
Florida International
36.5%
2006 (10-
4)
Utah State
36.1%
2009 (8-
5)
Eastern Michigan
24.6%
2010 (10-
3)
Tennessee Tech
19.1%
2007 (8-
5)
Chattanooga
15.7%
2008 (5-
7)
Western Illinois
15.1%
2006 (10-
4)
Southeast Missouri State
14.1%
2001 (7-
5)
Weber State
10.3%
Quiz Playlist
Details
Report
Send in Message
Add To Playlist
Classic:
Type in answers that appear in a list
Last Updated: Feb 16, 2017
Quiz Scoreboard
CHALLENGE
Sign Up to Join the Scoreboard
Show All
Scores
Hide
Comments
May contain spoilers
Recently Published
Two Season TV Shows II
by 123Four
Television
10m
Image Sorting: Flags VI
by Barbecue
Geography
2m
Find the 'City' Movie
by crazypaving
Movies
60s
More to Explore
Quiz From the Vault
Featured Blog Post
14 Easter Pick-up Lines to Find Eggs With
hide this ad
You Might Also Like...
Tags
Football Quiz
NCAA Quiz
Arkansas
Arkansas Razorbacks
Football Opponents
NCAA Football
SEC
SEC College
Today's Top Quizzes in Sports
Browse Sports
hide this ad
Today's Top Quizzes in NCAA
Browse NCAA
Top Contributed Quizzes in Sports
1
Les meilleurs buteurs des matchs entre le PSG et l’OM
2
Les entraîneurs de l'OM et du PSG au 21e siècle
3
2022 World Cup Stars
4
Les joueurs passés par le PSG et l'OM
5
Players with Multiple 50 Home Run Seasons
6
FIFA Club World Cup Champions
7
Criteria MLB: Left Handed Sluggers
8
Les joueurs passés par le LOSC et le RC Lens
9
Top 10 NHL Goal Scorers of All Time
10
MLB Players with Two .350 Batting Average Seasons
Explore More
Trending Topics
Kpop
Harry Potter
Crossword
Disney
NBA
Marvel
Anime
Pokémon
The Office
WWE
Soccer
Country
Puzzle
Song
NFL
hide this ad
More By:
guide
Quiz
Plays
Rating
Category
Featured
Created
Top 100 UEFA Clubs
427,014
3.41
Sports
Apr 3, 2011
Premier League 50+ Appearances: Manchester United
203,806
4.40
Sports
May 6, 2011
Big 4 Safe Cracker: Last Five Champions
175,420
3.80
Sports
Apr 8, 2011
4-Letter Safe Cracker
174,020
3.26
Just For Fun
Apr 11, 2011
European Cup Winners
147,419
4.20
Sports
Mar 29, 2012
Go to Creator's Profile
Score Distribution
Quiz Creator Spotlight
guide
Follow
Send a Message
Quizzes Created
-
Created Quiz Play Count
-
More By This Creator
Popular Quizzes Today
1
Find the US States - No Outlines Minefield
2
Colored Red Africa Blitz
3
Find the 'City' Movie
4
5x2 Blitz: Bands
5
The Countries of the World
6
Find the Countries of Europe - No Outlines Minefield
7
Find the US States
8
US States
More Sports Quizzes
Big 4 Team per 3rd Letter
Published
Trending Quizzes
Colored Red Europe Blitz I
Colored Red Africa Blitz II
Colored Red Europe Blitz II
Colored Red Africa Blitz III
Colored Red Europe Blitz III
Recently Updated
How Do You Spell That?
pecheneg
Godzilla Movies
pecheneg
Grab Bag: 4-10 Letters
pecheneg
2024 March Madness Bracket
pecheneg
Famous TV Couples
Peacemaker
Champions League XIs: Real Madrid
pecheneg
Largest US Cities 1790-2010
pecheneg
Rides in Walt Disney World
pecheneg
Most Oscar Losses (Acting)
pecheneg
Beyoncé Albums
pecheneg
Trending Topics
Kpop
Harry Potter
NBA
Marvel
Anime
Disney
Crossword
Song
Soccer
NFL
Country
Puzzle
The Office
WWE
Pokémon
Your Account Isn't Verified!
In order to create a playlist on Sporcle, you need to verify the email address you used during registration. Go to your
Sporcle Settings
to finish the process.
Report this User
Report this user for behavior that violates our
Community Guidelines
.
Details:
Send Report
Go to the Sporcle.com Mobile Site →
Comments